Viajes: Europa - Africa - América selección

Guardat en:
Dades bibliogràfiques
Autor principal: Sarmiento, Domingo Faustino (Autor)
Format: Llibre
Idioma:espanyol
Publicat: Buenos Aires EUDEBA 1988
Edició:2a. ed
Col·lecció:Del Siglo y Medio, 30
Matèries:
Etiquetes: Afegir etiqueta
Sense etiquetes, Sigues el primer a etiquetar aquest registre!

MARC

LEADER 00000nam a2200000 a 4500
001 UCV7661
003 CL-VaPUC
008 890522e19880000AG |||||||||||||||||spa|d
082 0 4 |a 910.4  |b SAR  |2 21 
100 0 |a Sarmiento, Domingo Faustino  |e author  |9 301790 
245 1 0 |a Viajes: Europa - Africa - América selección 
250 |a 2a. ed 
300 |a 143 p 
942 |c BK 
945 |d 19890522 00:00:00 
260 |a Buenos Aires  |b EUDEBA  |c 1988 
650 0 |a Descripciones y viajes  |9 262159 
651 0 |a América  |9 255182 
651 0 |a Europa  |9 255156 
583 |a last modification  |c 19890522 00:00:00  |k Rodrigo Vera 
490 0 |a Del Siglo y Medio, 30 
999 |c 213304  |d 213302 
952 |0 0  |1 0  |4 0  |6 910_400000000000000_SAR_1988  |7 0  |8 A  |9 195561  |a BIBARQ  |b BIBARQ  |d 2019-11-14  |i 2635933  |o 910.4 SAR 1988  |p 2635933  |r 2025-01-20  |w 2019-11-14  |y BK  |k ARQ